000 00501ntaaa2200193 4500
003 01
005 20251027201318.0
008 0714s1973 ag 01
040 _aAR-BaBN
_bspa
_cAR-BaBN
_eaacr
_dRIC
082 _a222.1100 Sc9
100 _aSchwegler, Teodoro
_911334
245 _aPrehistoria bíblica
250 _a1 ed.
260 _aBuenos Aires :
_bEdiciones Paulinas,
_c1963
300 _a285 p.
500 _aLos orígenes del mundo según la Biblia
650 _aCreación
_91821
942 _cBK
999 _c7555
_d7555